Le mythe des confins
| Titel: | Le mythe des confins / textes réunis par Delphine Bechtel ... |
|---|---|
| Beteiligt: | |
| Veröffentlicht: | Paris : Centre Interdisciplinaire de Recherches Centre-Europeens, 2004 |
| Umfang: | 261 S. : Ill. |
| Format: | Buch |
| Sprache: | Französisch |
| Schriftenreihe/ mehrbändiges Werk: |
Cultures d'Europe centrale ; 4 |
| Hinweise zum Inhalt: |
Inhaltsverzeichnis
|
X
alg: 27271685 001A $03004:11-08-11 001B $01999:03-06-23 $t05:59:42.000 001C $03004:11-08-11 $t16:25:10.000 001D $03004:11-08-11 001U $0utf8 001X $00 002@ $0Aau 003@ $0272716855 003O $0465271228 $aOCoLC 007A $0272716855 $aHEB 007G $0DE02088E904B740E355B5C125790A003E25B5 007T $0Herdhh272716855 009P $qapplication/pdf $A2 $3Inhaltsverzeichnis $uhttp://scans.hebis.de/HEBCGI/show.pl?27271685_toc.pdf $mV:DE-603;B:DE-Mb50 010@ $afre 011@ $a2004 013H $0z 021A $aLe @mythe des confins $htextes réunis par Delphine Bechtel ... 028C $#Bechtel, Delphine $71013960041 $8Bechtel, Delphine$Z1958- [Tp3] $9271188146 033A $pParis $nCentre Interdisciplinaire de Recherches Centre-Europeens 034D $a261 S. 034M $aIll. 036E $aCultures d'Europe centrale $l4 036F $x14 $8Cultures d'Europe centrale $918151656X $l4 045F $a306.09438 $eDDC23BSB 045F/01 $a306.09 045F/03 $g438 045F/03 $g47 045F/03 $g437 045F/03 $g4371 045G $a901.09438 $eDDC23BSB 045G/01 $a901 045G/03 $g438 045H $a809 $eDDC23BSB 045H/01 $a809 045H/03 $g4371 045I $a709.4386 $eDDC23BSB 045I/01 $a709 045I/03 $g4386 lok: 27271685 24 101B $005-09-11 $t14:26:06.000 101C $005-09-11 101U $0utf8 145Z/01 $a39 15 L 145Z/02 $a32 5 A 145Z/03 $a37 8 G 15 145Z/04 $a25 10 Ed 145Z/05 $a37 9 F 145Z/06 $a2 S 863 145Z/07 $a31 15 L exp: 27271685 24 1 #EPN 201B/01 $005-09-11 $t14:27:47.000 201C/01 $011-08-11 201U/01 $0utf8 203@/01 $0628128940 208@/01 $a05-09-11 $bz 209A/01 $a11.05844 $du $f050 $h11 05844 $x00 209C/01 $a11.5844 G $h11 05844 209G/01 $a72812034 $x00 220C/01 $ahae 244Z/01 $#Schulz, Bruno $#Shults, Bruno $#Šulʹc, Bruno $#Šûlṣ, Brûnô $#บรูโน ชูลซ์ $7118762427 $8--Tp1--Schulz, Bruno$Z1892-1942 $x01 $9087103109 247C/01 $8358050-7Marburg, Bibliothek des Herder-Instituts Marburg $9102600961 lok: 27271685 78 exp: 27271685 78 1 #EPN 201B/01 $026-11-17 $t00:31:24.000 201U/01 $0utf8 203@/01 $0793930588 208@/01 $a12-11-16 $be 209A/01 $a/ $f000 $x00 237A/01 $aweiterführende Signatur(en): Herder-Institut: 11.05844 244Z/01 $2Trx $#Poola $#Lenkija $#Polija $#Polen Land $#Poland $#Lengyelország $#Poľsko $#Polsko $8--Trx--Polska$gkraj $x01 $9391345966 244Z/01 $#Tschechien $#Tschechische Republik $#Tschechische Republik $#Tschechenland $#Tschechei Tschechien $#Česká Republika $#Czech Republic $#ČR $74303381-7 $8--Tg1--Tschechien $x02 $9086659812 244Z/01 $2Trx $#Böhmen $#Bohemia $#Czechy $8--Trx--Čechy $x03 $9391188941 244Z/01 $2Trx $#Silesia $#Śląsk $#Sliezsko $#Slezsko $8--Trx--Schlesien $x04 $9391173987 244Z/01 $2Trx $#Kesk- ja Ida- Euroopa kontseptsioonid $#Vidurio Europos koncepcijos $#East-Central Europe $#Keletközépeurópa-eszmék $#Europa Środkowo-Wschodnia koncepcje $#Európa stredovýchodná koncepcie $#Evropa střední, východní část koncepce $#Mitteleuropa $#Osteuropakonzeptionen $#Europa Środkowa koncepcje $#Stredná Európa koncepcie $#Střední Europa koncepce $8--Trx--Ostmitteleuropakonzeptionen $x05 $9391364286 244Z/01 $2Trx $#dzieło zbiorowe $8--Trx--Sammelwerk $x06 $9391384597 245Z/01 $a11.14 $x01 247C/01 $82080>Marburg/Lahn, Herder-Institut, Forschungsbibliothek, Bibliographieportal $9336309341
| LEADER | 00000cam a2200000 c 4500 | ||
|---|---|---|---|
| 001 | 272716855 | ||
| 003 | DE-603 | ||
| 005 | 20230603055942.0 | ||
| 007 | tu | ||
| 008 | 110811s2004 xx |||| | u00||u|fre c | ||
| 035 | |a (DE-599)HEB272716855 | ||
| 035 | |a (OCoLC)465271228 | ||
| 040 | |a DE-603 |b ger |c DE-603 |d DE-603 | ||
| 041 | |a fre | ||
| 082 | 0 | 4 | |8 1\u |a 306.09438 |q DE-101 |2 23/BSB |
| 083 | 0 | |8 2\u |a 901.09438 |q DE-101 |2 23/BSB | |
| 083 | 0 | |8 3\u |a 809 |q DE-101 |2 23/BSB | |
| 083 | 0 | |8 4\u |a 709.4386 |q DE-101 |2 23/BSB | |
| 085 | |8 1\u |b 306.09 | ||
| 085 | |8 1\u |z 2 |s 438 | ||
| 085 | |8 1\u |z 2 |s 47 | ||
| 085 | |8 1\u |z 2 |s 437 | ||
| 085 | |8 1\u |z 2 |s 4371 | ||
| 085 | |8 2\u |b 901 | ||
| 085 | |8 2\u |z 2 |s 438 | ||
| 085 | |8 3\u |b 809 | ||
| 085 | |8 3\u |z 2 |s 4371 | ||
| 085 | |8 4\u |b 709 | ||
| 085 | |8 4\u |z 2 |s 4386 | ||
| 245 | 0 | 0 | |a Le mythe des confins |c textes réunis par Delphine Bechtel ... |
| 264 | 1 | |a Paris |b Centre Interdisciplinaire de Recherches Centre-Europeens |c 2004 | |
| 300 | |a 261 S. |b Ill. | ||
| 490 | 1 | |a Cultures d'Europe centrale |v 4 | |
| 700 | 1 | |a Bechtel, Delphine |d 1958- |0 (DE-603)271188146 |0 (DE-588)1013960041 |2 gnd | |
| 830 | 0 | |t Cultures d'Europe centrale |v 4 |w (DE-603)18151656X |w (DE-600)2611389-2 |9 14 |7 as | |
| 856 | 4 | 2 | |m V:DE-603;B:DE-Mb50 |q application/pdf |u http://scans.hebis.de/HEBCGI/show.pl?27271685_toc.pdf |3 Inhaltsverzeichnis |
| 924 | 0 | |9 Mb 50 |a (DE-603)628128940 |b DE-Mb50 |c HES |d c |g 11.05844 | |
| 924 | 0 | |9 2080 |a (DE-603)793930588 |b DE-2080 |c HES |d d |g / | |


